Secreted desires : the major Uranians - Hopkins, Pater and Wilde /

Hlavní autor: Kaylor, Michael Matthew, 1968-
Jazyk: Angličtina
Vydáno: Brno : Masaryk University, 2006
Vydání: 1st ed.
Témata:
Fyzický popis: xxxiii, 457 s. : il., portréty, faksim. ; 24 cm
Knihy
Uloženo v:
LEADER 02180nam a2200577 a 4500
001 nkc20061695707
003 CZ PrNK
005 20070411141210.0
007 ta
008 061101s2006 xr ach e 000 0deng
015 |a cnb001695707 
020 |a 80-210-4126-9  |q (brož.) 
035 |a (OCoLC)124086939 
040 |a OLA001  |b cze  |d ABA001 
045 |a w-w- 
072 7 |a 821.111.09  |x Anglická literatura, anglicky psaná (o ní)  |2 Konspekt  |9 11 
080 |a 821.111-051  |2 MRF 
080 |a 821.111  |2 MRF 
080 |a 316.344.8-055.3-055.1  |2 MRF 
080 |a 613.885  |2 MRF 
080 |a 82:7.04  |2 MRF 
080 |a (048.8)  |2 MRF 
100 1 |a Kaylor, Michael Matthew,  |d 1968-  |7 mzk2006337217  |4 aut 
245 1 0 |a Secreted desires :  |b the major Uranians - Hopkins, Pater and Wilde /  |c Michael Matthew Kaylor 
250 |a 1st ed. 
260 |a Brno :  |b Masaryk University,  |c 2006 
300 |a xxxiii, 457 s. :  |b il., portréty, faksim. ;  |c 24 cm 
500 |a 100 výt. 
504 |a Obsahuje bibliografii a bibliografické odkazy 
600 1 7 |a Wilde, Oscar,  |d 1854-1900  |7 jn19981002409  |2 czenas 
600 1 7 |a Hopkins, Gerard Manley,  |d 1844-1889  |7 jn19990003652  |2 czenas 
600 1 7 |a Pater, Walter,  |d 1839-1894  |7 jn19990006394  |2 czenas 
648 7 |a 19. století  |7 ch460557  |2 czenas 
650 0 7 |a angličtí spisovatelé  |7 ph114059  |y 19. století  |2 czenas 
650 0 7 |a anglická literatura  |7 ph114050  |y 19. století  |2 czenas 
650 0 7 |a gayové  |7 ph138708  |2 czenas 
650 0 7 |a homosexualita  |7 ph120792  |2 czenas 
650 0 7 |a literární náměty  |7 ph138213  |2 czenas 
650 0 9 |a English authors  |y 19th century  |2 eczenas 
650 0 9 |a English literature  |y 19th century  |2 eczenas 
650 0 9 |a gay men  |2 eczenas 
650 0 9 |a homosexuality  |2 eczenas 
650 0 9 |a literary themes  |2 eczenas 
655 7 |a studie  |7 fd133597  |2 czenas 
655 9 |a studies  |2 eczenas 
910 2 |a BOA001  |b 2-1180.785 
990 |a BK 
995 |a 01 
991 |b 200702  |c NOV 
996 6 |b 2610301075  |c 2-1180.785  |l MZK  |r Sklad / do 1 hodiny  |n 0  |p p.v.  |w 000839426  |u 000010  |a 1  |e BOA001  |j MZK50  |s P 
996 7 |b 2610301076  |c 2-1180.785  |l MZK  |r Sklad / do 1 hodiny  |n 7  |p p.v.  |w 000839426  |u 000020  |a 1  |e BOA001  |j MZK50  |s A